Jaguar Cars by Picture - Statistics

General Stats
  • This quiz has been taken 299 times
    297 since last reset
  • The average score is 5 of 6
Answer Stats
Picture Answer % Correct
F-Type
96%
F-Pace
84%
XF
73%
XJ
72%
E-Pace
69%
XE
61%
No matching quizzes found
Score Distribution
Percent of People with Each Score
Percentile by Number Answered
Your Score History
You have not taken this quiz since the last reset